[Event "Titled Tuesday intern op 22nd Feb Early"]
[Site "Chess.com INT"]
[Date "2022.02.22"]
[Round "11"]
[White "De Verdier, Michael Carl Adam"]
[Black "Mikhailovsky, Vladimir"]
[Result "0-1"]
[WhiteElo "2291"]
[BlackElo "2184"]
[PlyCount "52"]
[EventDate "2022.02.22"]
[EventType "swiss (blitz)"]
[EventRounds "11"]
[EventCountry "USA"]
[SourceTitle "CBM 207 Extra"]
[Source "ChessBase"]
[SourceDate "2022.05.31"]
[SourceVersion "1"]
[SourceVersionDate "2022.05.31"]
[SourceQuality "1"]

1. Nf3 d5 2. e3 Nf6 3. c4 e6 4. b3 b6 5. cxd5 exd5 6. Bb2 Bb7 7. Nc3 Nbd7 8. d4 Bd6 9. Bd3 Qe7 10. Rc1 a6 11. 0-0 0-0 12. Ne2 Ne4 13. Ng3 f5 14. Rc2 Rf6 15. Qe2 a5 16. Rfc1 c6 17. Nh4 Raf8 18. Ba6 Ba8 19. a4 g5 20. Nf3 Rh6 21. Rxc6 Bxc6 22. Rxc6 g4 23. Ne5 Qh4 24. Rxd6 Qxh2+ 25. Kf1 Qh1+ 26. Nxh1 Rxh1# 0-1

[Event "Titled Tuesday intern op 22nd Feb Early"]
[Site "Chess.com INT"]
[Date "2022.02.22"]
[Round "7"]
[White "De Verdier, Michael Carl Adam"]
[Black "Zlatin, Alexander"]
[Result "1-0"]
[WhiteElo "2291"]
[BlackElo "2327"]
[PlyCount "97"]
[EventDate "2022.02.22"]
[EventType "swiss (blitz)"]
[EventRounds "11"]
[EventCountry "USA"]
[SourceTitle "CBM 207 Extra"]
[Source "ChessBase"]
[SourceDate "2022.05.31"]
[SourceVersion "1"]
[SourceVersionDate "2022.05.31"]
[SourceQuality "1"]

1. d4 d5 2. Bf4 e6 3. e3 Bd6 4. Bg3 c5 5. c3 Nc6 6. Nd2 Nf6 7. Ngf3 0-0 8. Bd3 b6 9. Qe2 Bb7 10. Ne5 Ne7 11. Bh4 Nf5 12. Bxf5 exf5 13. Bxf6 gxf6 14. Nef3 f4 15. 0-0 Kh8 16. dxc5 bxc5 17. exf4 Bxf4 18. Rad1 Rg8 19. g3 Bd6 20. Qd3 Qd7 21. Rfe1 Qh3 22. Qf1 Qh5 23. Qe2 Rae8 24. Qxe8 Rxe8 25. Rxe8+ Kg7 26. Rde1 d4 27. Nh4 Qd5 28. Ne4 dxc3 29. Rg8+ Kxg8 30. Nxf6+ Kf8 31. Nxd5 Bxd5 32. bxc3 Bxa2 33. Ra1 Be6 34. Rxa7 Be5 35. Ra3 Bf6 36. Nf3 Bd5 37. Nd2 c4 38. f4 Kg7 39. Kf2 Be7 40. Ra5 Be6 41. f5 Bc8 42. Nxc4 Bf6 43. Ne5 Bxf5 44. c4 Bd8 45. Rd5 Bc7 46. Nf3 Be6 47. Rc5 Bb6 48. Ke3 Bxc5+ 49. Ke4 1-0

[Event "EU-Cup Online Gr-A"]
[Site "Tornelo INT"]
[Date "2021.03.28"]
[Round "8.3"]
[White "Timofeev, Artyom"]
[Black "De Verdier, Michael Carl Adam"]
[Result "1-0"]
[WhiteElo "2594"]
[BlackElo "2291"]
[PlyCount "75"]
[EventDate "2021.03.27"]
[EventType "team-tourn (rapid)"]
[EventRounds "9"]
[EventCountry "NET"]
[SourceTitle "CBM 201 Extra"]
[Source "ChessBase"]
[SourceDate "2021.05.31"]
[SourceVersion "1"]
[SourceVersionDate "2021.05.31"]
[SourceQuality "1"]
[WhiteTeam "Kazan Ladya"]
[BlackTeam "Wood Green Monarchs"]
[WhiteTeamCountry "RUS"]
[BlackTeamCountry "ENG"]

1. d4 d5 2. c4 e6 3. Nc3 Nf6 4. Bg5 dxc4 5. e3 a6 6. Bxc4 b5 7. Be2 Bb7 8. Bf3 Ra7 9. Bxb7 Rxb7 10. Qf3 Rb6 11. Nge2 Be7 12. Bxf6 Bxf6 13. Ne4 Nd7 14. Rc1 0-0 15. 0-0 Be7 16. Nf4 Qb8 17. Rc2 Bd6 18. Rfc1 b4 19. b3 Rb5 20. Nd3 e5 21. dxe5 Nxe5 22. Nxe5 Bxe5 23. g3 Qb7 24. Kg2 Rd8 25. Rc5 f6 26. h4 Rd5 27. Rc6 Rd7 28. Nc5 Rxc5 29. R1xc5 Bd6 30. Qd5+ Kf8 31. Rc4 Ke7 32. Qg8 g5 33. hxg5 fxg5 34. Re4+ Kf6 35. Re6+ Kf5 36. e4+ Kg4 37. f3+ Kh5 38. Qe8+ 1-0

[Event "EU-ch Online U2300 Final"]
[Site "Chess.com INT"]
[Date "2020.05.26"]
[Round "2"]
[White "De Verdier, Michael Carl Adam"]
[Black "Skuhala, Jernej"]
[Result "1-0"]
[WhiteElo "2291"]
[BlackElo "2342"]
[PlyCount "127"]
[EventDate "2020.05.26"]
[EventType "swiss"]
[EventRounds "8"]
[EventCountry "NET"]
[SourceTitle "CBM 196 Extra"]
[Source "ChessBase"]
[SourceDate "2020.07.31"]
[SourceVersion "1"]
[SourceVersionDate "2020.07.31"]
[SourceQuality "1"]

1. d4 Nf6 2. c4 e6 3. Nf3 d5 4. Nc3 Bb4 5. e3 0-0 6. Bd2 dxc4 7. Bxc4 c5 8. dxc5 Bxc5 9. 0-0 a6 10. Rc1 b5 11. Be2 Qb6 12. Ne5 Bb7 13. Bf3 Rd8 14. Bxb7 Qxb7 15. Qc2 Bd6 16. Nf3 Nc6 17. Ne4 Nxe4 18. Qxe4 Rac8 19. Ng5 g6 20. Bc3 Qe7 21. Nf3 f5 22. Qh4 Qxh4 23. Nxh4 b4 24. Bf6 Re8 25. Rfd1 Bf8 26. Nf3 Kf7 27. Bg5 h6 28. Rxc6 hxg5 29. Rxa6 Kf6 30. Nd4 Bc5 31. Nb3 Be7 32. Kf1 g4 33. Ke2 Rh8 34. Nd4 Rxh2 35. g3 Kf7 36. Rxe6 Bf6 37. Rd6 Be5 38. Rd5 Bxg3 39. Rf1 Bh4 40. Rd7+ Kf6 41. Rh7 g5 42. Rh6+ Kg7 43. Nxf5+ Kf7 44. Rb6 Rc2+ 45. Kd3 Rcxf2 46. Rxf2 Rxf2 47. Nh6+ Kg7 48. Nxg4 Rxb2 49. Ke4 Rxa2 50. Rxb4 Ra6 51. Kf5 Ra5+ 52. Ke4 Ra7 53. Rb5 Ra6 54. Kf5 Ra7 55. Ne5 Kh6 56. Rb6+ Kh5 57. Rb8 Kh6 58. Rb6+ Kh5 59. Rb8 Rh7 60. Ng4 Rf7+ 61. Nf6+ Kh6 62. Rh8+ Kg7 63. Rg8+ Kh6 64. Rg6# 1-0

[Event "EU-ch Online U2300 Qual"]
[Site "Chess.com INT"]
[Date "2020.05.25"]
[Round "1"]
[White "De Verdier, Michael Carl Adam"]
[Black "Antonica, Dragos Andrei"]
[Result "1/2-1/2"]
[WhiteElo "2291"]
[BlackElo "2301"]
[PlyCount "123"]
[EventDate "2020.05.25"]
[EventType "swiss"]
[EventRounds "8"]
[EventCountry "NET"]
[SourceTitle "EXT 2021"]
[Source "ChessBase"]
[SourceDate "2020.10.23"]
[SourceVersion "1"]
[SourceVersionDate "2020.10.23"]
[SourceQuality "1"]

1. Nf3 Nf6 2. c4 g6 3. g3 Bg7 4. Bg2 d5 5. cxd5 Nxd5 6. 0-0 0-0 7. Nc3 c6 8. d4 Nxc3 9. bxc3 Nd7 10. e4 Nb6 11. a4 Bg4 12. a5 Nc4 13. Qa4 b5 14. Qb4 Qd6 15. e5 Qxb4 16. cxb4 Rad8 17. Be3 Be6 18. Ng5 Bd5 19. Ne4 f6 20. exf6 exf6 21. Nc5 f5 22. Rad1 Rfe8 23. Rfe1 h6 24. Nb7 Rd7 25. Nc5 Rde7 26. Bxd5+ cxd5 27. Nd3 g5 28. Ne5 Bxe5 29. dxe5 Rxe5 30. Kf1 a6 31. Bc1 Rxe1+ 32. Rxe1 Rxe1+ 33. Kxe1 Kf7 34. Ke2 Kf6 35. Kd3 Ne5+ 36. Kd4 Ke6 37. f4 Nf3+ 38. Kc5 d4 39. Kb6 Kd6 40. Kxa6 Kc6 41. fxg5 hxg5 42. h4 gxh4 43. gxh4 Nxh4 44. Ka7 Kc7 45. Ka6 Nf3 46. Kxb5 d3 47. Kc4 d2 48. Bxd2 Nxd2+ 49. Kd4 Ne4 50. Ke5 Nd6 51. b5 Kb7 52. Kf4 Kc7 53. Ke5 Kd7 54. b6 Kc6 55. Kf4 Kb7 56. Ke5 Kc6 57. Kf4 Kd7 58. b7 Kc7 59. a6 Kb8 60. Ke5 Nxb7 61. axb7 Kxb7 62. Kxf5 1/2-1/2

[Event "EU-ch Online U2300 Qual"]
[Site "Chess.com INT"]
[Date "2020.05.25"]
[Round "7"]
[White "De Verdier, Michael Carl Adam"]
[Black "Zhukov, Anton"]
[Result "1-0"]
[WhiteElo "2291"]
[BlackElo "2223"]
[PlyCount "77"]
[EventDate "2020.05.25"]
[EventType "swiss"]
[EventRounds "8"]
[EventCountry "NET"]
[SourceTitle "EXT 2021"]
[Source "ChessBase"]
[SourceDate "2020.10.23"]
[SourceVersion "1"]
[SourceVersionDate "2020.10.23"]
[SourceQuality "1"]

1. c4 Nf6 2. Nc3 g6 3. e4 d6 4. d4 Bg7 5. Bd3 0-0 6. Nge2 e5 7. d5 Nbd7 8. f3 a5 9. Bg5 Nc5 10. Bc2 Bd7 11. Qd2 Rb8 12. 0-0 b5 13. cxb5 Bxb5 14. Nxb5 Rxb5 15. b3 Qb8 16. Rfb1 Qa7 17. Be3 Rfb8 18. Nc3 R5b7 19. a3 Qa8 20. b4 Ncd7 21. Qe1 Nb6 22. Bd3 axb4 23. axb4 Ra7 24. Rxa7 Qxa7 25. Ra1 Qb7 26. Ba6 Qa8 27. Bc8 Rxc8 28. Rxa8 Rxa8 29. Nb5 Ne8 30. Nxc7 Nxc7 31. Bxb6 Nb5 32. Qc1 Nd4 33. Qc4 h5 34. Bc7 Bh6 35. Ba5 f5 36. exf5 gxf5 37. Qc7 Bf8 38. Kf2 Nb5 39. Qb7 1-0

[Event "Dublin Irish op"]
[Site "Dublin"]
[Date "2019.04.19"]
[Round "4"]
[White "Melaugh, Gavin"]
[Black "De Verdier, Michael Carl Adam"]
[Result "0-1"]
[WhiteElo "2109"]
[BlackElo "2306"]
[PlyCount "90"]
[EventDate "2019.04.17"]
[EventType "swiss"]
[EventRounds "9"]
[EventCountry "IRL"]
[SourceTitle "CBM 189 Extra"]
[Source "ChessBase"]
[SourceDate "2019.06.03"]
[SourceVersion "1"]
[SourceVersionDate "2019.06.03"]
[SourceQuality "1"]

1. c4 b6 2. Nc3 Bb7 3. d4 e6 4. e4 Bb4 5. Qc2 Qh4 6. Bd3 f5 7. Nf3 Bxc3+ 8. Qxc3 Qg4 9. 0-0 fxe4 10. h3 Qh5 11. d5 Nf6 12. Bxe4 0-0 13. Bc2 exd5 14. Nd4 dxc4 15. Qxc4+ Qd5 16. Qxd5+ Bxd5 17. Bf4 c5 18. Nb5 Ne8 19. Bxb8 Rxb8 20. Nxa7 b5 21. Rfd1 Be6 22. a4 bxa4 23. Rxa4 Rxb2 24. Be4 Bb3 25. Bd5+ Bxd5 26. Rxd5 Rfxf2 27. Rg5 h6 28. Rg6 Kh7 29. Rag4 Rf6 30. Rxf6 Nxf6 31. Rc4 Rb1+ 32. Kh2 Rb7 33. Nc8 Rc7 34. Nd6 Rc6 35. Nb7 d6 36. g4 Rb6 37. Na5 Rb5 38. Nc6 d5 39. Rf4 Rb2+ 40. Kg1 c4 41. Ne5 c3 42. Nd3 Rd2 43. Ne1 c2 44. Nxc2 Rxc2 45. Rd4 Kg6 0-1

[Event "Dublin Irish op"]
[Site "Dublin"]
[Date "2019.04.17"]
[Round "1"]
[White "De Verdier, Michael Carl Adam"]
[Black "Jocius, Donatas"]
[Result "1-0"]
[WhiteElo "2306"]
[BlackElo "1773"]
[PlyCount "143"]
[EventDate "2019.04.17"]
[EventType "swiss"]
[EventRounds "9"]
[EventCountry "IRL"]
[SourceTitle "CBM 189 Extra"]
[Source "ChessBase"]
[SourceDate "2019.06.03"]
[SourceVersion "1"]
[SourceVersionDate "2019.06.03"]
[SourceQuality "1"]

1. Nf3 c6 2. c4 d5 3. e3 Bf5 4. cxd5 cxd5 5. Qb3 Qc7 6. Nc3 e6 7. Nb5 Qb6 8. Qa4 Nd7 9. Nbd4 Bg6 10. Ne5 Ngf6 11. h4 Qb4 12. Bb5 Qxa4 13. Bxa4 Bd6 14. Ndf3 a6 15. Nxg6 hxg6 16. d3 Ke7 17. Bd2 Nb6 18. Bc2 Ng4 19. Bc3 f6 20. Ke2 Nd7 21. Nd2 Rac8 22. Rac1 b5 23. Nb3 b4 24. Bd2 g5 25. f3 Nge5 26. h5 Rc7 27. g4 Nc6 28. d4 Rcc8 29. Bd3 a5 30. Bb5 Ndb8 31. Ba4 e5 32. Kd3 Kf7 33. Rc2 exd4 34. exd4 Rc7 35. Rhc1 Rhc8 36. Be3 Ke7 37. Nc5 Nd8 38. Bb3 Bxc5 39. dxc5 Nf7 40. Ke2 Ke6 41. Rd2 Rd8 42. Rcd1 Rcd7 43. Bc2 Nh6 44. Ba4 Rc7 45. Bb3 Rcd7 46. Ba4 Rc7 47. c6 Rxc6 48. Bxc6 Nxc6 49. Rc2 Ne5 50. b3 Ng8 51. Rc5 a4 52. bxa4 Ra8 53. a5 Ne7 54. Rb5 Nc4 55. Bb6 Nc6 56. Rbxd5 N6xa5 57. Bxa5 Rxa5 58. Rxa5 Nxa5 59. Rb1 Nc6 60. Ke3 Ne7 61. Kd4 Nc6+ 62. Kc5 Ne5 63. Rxb4 Nxf3 64. a4 f5 65. gxf5+ Kxf5 66. a5 g4 67. a6 g3 68. a7 g2 69. Rb1 g1Q+ 70. Rxg1 Nxg1 71. a8Q Ne2 72. Qf8+ 1-0

[Event "La Palma 1st"]
[Site "Brena Baja"]
[Date "2019.03.30"]
[Round "4"]
[White "Hernandez Leon, Alberto"]
[Black "De Verdier, Michael Carl Adam"]
[Result "1/2-1/2"]
[WhiteElo "2280"]
[BlackElo "2306"]
[PlyCount "61"]
[EventDate "2019.03.29"]
[EventType "tourn"]
[EventRounds "9"]
[EventCountry "ESP"]
[EventCategory "6"]
[SourceTitle "CBM 189 Extra"]
[Source "ChessBase"]
[SourceDate "2019.06.03"]
[SourceVersion "1"]
[SourceVersionDate "2019.06.03"]
[SourceQuality "1"]

1. d4 Nf6 2. Nf3 e6 3. c4 Bb4+ 4. Bd2 Bxd2+ 5. Nbxd2 d6 6. g3 Qe7 7. Bg2 e5 8. e4 0-0 9. d5 a5 10. 0-0 Na6 11. Ne1 Nc5 12. Qc2 g6 13. b3 Nh5 14. Nd3 Nxd3 15. Qxd3 f5 16. a3 Nf6 17. b4 fxe4 18. Nxe4 Nxe4 19. Bxe4 Bf5 20. Qe3 Bxe4 21. Qxe4 Qf6 22. Rab1 axb4 23. axb4 Qf3 24. Qxf3 Rxf3 25. Ra1 Rfa3 26. Rxa3 Rxa3 27. f4 exf4 28. Rxf4 Rb3 29. b5 Rc3 30. g4 b6 31. Kg2 1/2-1/2

[Event "La Palma 1st"]
[Site "Brena Baja"]
[Date "2019.03.29"]
[Round "2"]
[White "Gonzalez Perez, Arian"]
[Black "De Verdier, Michael Carl Adam"]
[Result "1/2-1/2"]
[WhiteElo "2467"]
[BlackElo "2306"]
[PlyCount "91"]
[EventDate "2019.03.29"]
[EventType "tourn"]
[EventRounds "9"]
[EventCountry "ESP"]
[EventCategory "6"]
[SourceTitle "CBM 189 Extra"]
[Source "ChessBase"]
[SourceDate "2019.06.03"]
[SourceVersion "1"]
[SourceVersionDate "2019.06.03"]
[SourceQuality "1"]

1. e4 e6 2. d3 c5 3. Nf3 b6 4. g3 Bb7 5. Bg2 d6 6. 0-0 Nf6 7. Re1 Be7 8. c4 Nbd7 9. Nc3 a6 10. b3 Qc7 11. Bb2 0-0 12. d4 cxd4 13. Nxd4 Rac8 14. Rc1 Qb8 15. Rc2 Rfd8 16. Rd2 Bf8 17. Qe2 Re8 18. h3 g6 19. Nc2 Qa8 20. f4 b5 21. cxb5 axb5 22. Qxb5 Ba6 23. Qa4 Nc5 24. Qd4 e5 25. Qe3 exf4 26. Qxf4 Nh5 27. Qe3 Bb7 28. Nb4 Nf6 29. Nbd5 Nxd5 30. Nxd5 Bxd5 31. Rxd5 Qxd5 32. exd5 Rxe3 33. Rxe3 Bh6 34. Re2 Ra8 35. Bd4 Nd3 36. a4 Rb8 37. a5 Bg7 38. Bxg7 Kxg7 39. a6 Ra8 40. Bf1 Nb4 41. Kf2 Kf6 42. Re4 Nxa6 43. Rf4+ Ke7 44. Re4+ Kf6 45. Rf4+ Ke7 46. Re4+ 1/2-1/2

[Event "Titled Tuesday intern op 5th March"]
[Site "Chess.com INT"]
[Date "2019.03.05"]
[Round "4"]
[White "De Verdier, Michael Carl Adam"]
[Black "Van Foreest, Lucas"]
[Result "1-0"]
[WhiteElo "2306"]
[BlackElo "2515"]
[PlyCount "63"]
[EventDate "2019.03.05"]
[EventType "swiss (blitz)"]
[EventRounds "10"]
[EventCountry "USA"]
[SourceTitle "EXT 2021"]
[Source "ChessBase"]
[SourceDate "2020.10.23"]
[SourceVersion "1"]
[SourceVersionDate "2020.10.23"]
[SourceQuality "1"]

1. d4 a6 2. a3 b6 3. e4 c6 4. c4 d6 5. Nc3 g6 6. f4 e6 7. Nf3 f6 8. d5 h6 9. Nd4 cxd5 10. cxd5 e5 11. Ne6 Qe7 12. f5 gxf5 13. Qh5+ Kd7 14. Qxf5 Ke8 15. Qg6+ Kd7 16. Qf5 Ke8 17. Be2 Bxe6 18. dxe6 Nc6 19. Nd5 Qg7 20. e7 Ngxe7 21. Nc7+ Kf7 22. Qe6+ Kg6 23. Nxa8 Nd4 24. Qg4+ Kh7 25. 0-0 Qf7 26. Nxb6 Rg8 27. Qh5 Qg7 28. Bf3 d5 29. Nxd5 Nxd5 30. exd5 Bc5 31. Kh1 Nb3 32. Be4+ 1-0

[Event "BCF-chTb 1819 (4NCL)"]
[Site "Daventry"]
[Date "2019.01.12"]
[Round "3.86"]
[White "Webb, Laurence"]
[Black "De Verdier, Michael Carl Adam"]
[Result "1-0"]
[WhiteElo "2311"]
[BlackElo "2277"]
[PlyCount "83"]
[EventDate "2018.11.10"]
[EventType "team-tourn"]
[EventRounds "11"]
[EventCountry "ENG"]
[SourceTitle "CBM 188 Extra"]
[Source "ChessBase"]
[SourceDate "2019.02.26"]
[SourceVersion "1"]
[SourceVersionDate "2019.02.26"]
[SourceQuality "1"]
[WhiteTeam "Blackthorne Russia"]
[BlackTeam "Wood Green Monarchs"]
[WhiteTeamCountry "ENG"]
[BlackTeamCountry "ENG"]

1. d4 d5 2. c4 e6 3. Nc3 a6 4. cxd5 exd5 5. Nf3 Nf6 6. Bg5 Be6 7. e3 Nbd7 8. Bd3 Bd6 9. 0-0 c6 10. h3 Qc7 11. Qd2 0-0 12. Bf4 h6 13. a3 Rfe8 14. Bxd6 Qxd6 15. b4 b5 16. Rfc1 Nb6 17. Ne2 Nc4 18. Qc3 Ne4 19. Bxe4 dxe4 20. Ne5 a5 21. Nf4 axb4 22. axb4 Bd5 23. Nxc4 Bxc4 24. Qb2 Kh7 25. Ra3 Rxa3 26. Qxa3 Kg8 27. Ra1 Qe7 28. Qa7 Qxb4 29. Qd7 Rb8 30. Qxc6 Qc3 31. Ra8 Qe1+ 32. Kh2 Rxa8 33. Qxa8+ Kh7 34. Qxe4+ Kg8 35. d5 Qd2 36. Qe5 g6 37. d6 b4 38. Qe8+ Kh7 39. d7 b3 40. d8Q Qxd8 41. Qxd8 b2 42. Qb6 1-0

[Event "Dublin Hogarty Memorial IM"]
[Site "Dublin"]
[Date "2019.01.06"]
[Round "8"]
[White "De Verdier, Michael Carl Adam"]
[Black "Melaugh, Shanemelaugh"]
[Result "1-0"]
[WhiteElo "2277"]
[BlackElo "2169"]
[PlyCount "75"]
[EventDate "2019.01.02"]
[EventType "tourn"]
[EventRounds "9"]
[EventCountry "IRL"]
[EventCategory "1"]
[SourceTitle "CBM 188 Extra"]
[Source "ChessBase"]
[SourceDate "2019.02.26"]
[SourceVersion "1"]
[SourceVersionDate "2019.02.26"]
[SourceQuality "1"]

1. d4 e6 2. e4 d5 3. exd5 exd5 4. Nf3 Bd6 5. c4 c6 6. Nc3 Ne7 7. Bd3 Bg4 8. 0-0 h6 9. cxd5 cxd5 10. h3 Be6 11. Nb5 0-0 12. Nxd6 Qxd6 13. Re1 Nbc6 14. a3 a6 15. Bd2 Rfc8 16. Bc3 b5 17. Qd2 Bf5 18. Bf1 Be4 19. Ne5 f6 20. Nd3 Re8 21. Nc5 Ng6 22. a4 bxa4 23. Rxa4 a5 24. Bxa5 Reb8 25. Bc3 Rxa4 26. Nxa4 Nge7 27. Nc5 Bf5 28. Ra1 Nc8 29. b4 N8a7 30. Qe3 Nb5 31. Bxb5 Rxb5 32. Qe8+ Kh7 33. Ra6 Qf4 34. Rxc6 Rxc5 35. Rxc5 Be4 36. Qb5 Bxg2 37. Kxg2 Qe4+ 38. Kg1 1-0

[Event "Dublin Hogarty Memorial IM"]
[Site "Dublin"]
[Date "2019.01.02"]
[Round "1"]
[White "De Verdier, Michael Carl Adam"]
[Black "Nilssen, Ellen Fredericia"]
[Result "1-0"]
[WhiteElo "2277"]
[BlackElo "2181"]
[PlyCount "94"]
[EventDate "2019.01.02"]
[EventType "tourn"]
[EventRounds "9"]
[EventCountry "IRL"]
[EventCategory "1"]
[SourceTitle "CBM 188 Extra"]
[Source "ChessBase"]
[SourceDate "2019.02.26"]
[SourceVersion "1"]
[SourceVersionDate "2019.02.26"]
[SourceQuality "1"]

1. c4 c5 2. g3 g6 3. Bg2 Bg7 4. Nc3 Nc6 5. a3 e6 6. Rb1 a5 7. e4 Nge7 8. Nge2 0-0 9. d3 d6 10. 0-0 b6 11. Nb5 Bb7 12. d4 cxd4 13. Nexd4 Nxd4 14. Nxd4 d5 15. exd5 exd5 16. Re1 h6 17. cxd5 Bxd5 18. Bxd5 Qxd5 19. Rxe7 Qxd4 20. Qxd4 Bxd4 21. Bxh6 Rfe8 22. Rd7 Bc5 23. b4 axb4 24. axb4 Bf8 25. Bxf8 Kxf8 26. Rb3 Rad8 27. Rb7 Rd6 28. Kg2 Re7 29. Rb8+ Re8 30. Rb7 Re7 31. Rb8+ Re8 32. Rxe8+ Kxe8 33. Re3+ Kd7 34. Kf3 Kc6 35. Re4 Kb5 36. h4 Rc6 37. g4 Rf6+ 38. Rf4 Rd6 39. Rxf7 Kxb4 40. h5 gxh5 41. gxh5 Kc5 42. Kg4 Rd1 43. h6 Kd6 44. h7 Rh1 45. Kg5 Ke5 46. f4+ Ke4 47. Re7+ Kd5 1-0